00948cam a22002411 450000100060000000300080000600500170001400800390003103500190007004000410008904100080013008200200013810000670015824500570022526000330028230000270031550400330034265000290037594200120040499900170041695201330043395201400056623696BD-RjUL20211209000948.0140311t1933 enk b 000 0 eng a(BD-RjUL)23761 aDLCcMSohGdMSohGdDLCdBD-RjULbeng aeng04a920.7bFIO 19331 aFisher, H. A. L.q(Herbert Albert Laurens),d1865-1940.91430810aOur new religion /cby the Rt. Hon. H. A. L. Fisher. aLondon :bWatts & co.,c1933 aVii, 150 p. ;c18 cm. a"Authorities": p. [189]-191. 0aChristian Science.93650 2ddccBK c23696d23696 00102ddc40708NFICaRUCLbRUCLcStackd1990-10-30eshaukat osmanl0o920.7 FIO 1933r2014-03-11 00:00:00tC-2w2014-03-11yBK 00102ddc40728NFICaRUCLbRUCLcReadingd1956-11-10eBlack wellg0.00l0o920.7 FIO 1929r2014-03-12 00:00:00tC-1w2021-12-09yBK